000 00717cam a2200205 i 4500
005 20251108171043.0
008 250721s2000 sy a gr 000 0 ara d
082 1 4 _a500.13
_bج ل ا
100 1 _aجلال، وائل
_eمؤلف.
245 1 0 _aالمرجع الشامل فيmacromedia pirector 8 /
_cالاستاذ وائل جلال.
250 _aالطبعة الاولى.
264 3 1 _aعمان :
_bدار الرضا للنشر،
_c2000.
300 _a209 صفحة.
490 0 _aسلسلة الرضا للمعلومات
650 1 7 _aالحواسيب.
650 1 7 _aلغات البرمجة.
830 0 _aسلسلة الرضا للمعلومات
942 _2ddc
_cBK
999 _c55432
_d55432